000 00265nam a2200109Ia 4500
008 190913s9999||||xx |||||||||||||| ||und||
100 _aSchaefer,Richard
245 0 _aSociology A brief Introduction
260 _aUK
_b McGraw Hill
_c2001
300 _a858
942 _cBK
999 _c8196
_d8196